Online
Catalog

Ciudado y desarrollo del niño : (Record no. 27116)

MARC details
000 -CABECERA
campo de control de longitud fija 00511nam a2200157 a 4500
001 - NÚMERO DE CONTROL
campo de control 000027624
005 - FECHA Y HORA DE LA ÚLTIMA TRANSACCIÓN
campo de control 20200930030954.0
008 - DATOS DE LONGITUD FIJA--INFORMACIÓN GENERAL
campo de control de longitud fija 110401s1980 dr ac 000 0 spa d
040 ## - FUENTE DE LA CATALOGACIÓN
Centro catalogador/agencia de origen DO-SdBNP
Lengua de catalogación spa
Centro/agencia transcriptor BNPHU
082 ## - NÚMERO DE LA CLASIFICACIÓN DECIMAL DEWEY
Número de clasificación xxx
Número de documento/Ítem C581d
049 ## - FONDOS LOCALES (OCLC)
Fondos de biblioteca BNPHU
245 01 - MENCIÓN DE TÍTULO
Título Ciudado y desarrollo del niño :
Resto del título guía de salud /
Mención de responsabilidad, etc. edición Clara Leyla Alfonso.
260 ## - PUBLICACIÓN, DISTRIBUCIÓN, ETC.
Lugar de publicación, distribución, etc. Santo Domingo :
Nombre del editor, distribuidor, etc. Consejo Nacional para la Niñez,
Fecha de publicación, distribución, etc. 1980.
300 ## - DESCRIPCIÓN FÍSICA
Extensión 60 p. :
Otras características físicas il., retrs. ;
Dimensiones 1980.
700 1# - PUNTO DE ACCESO ADICIONAL--NOMBRE DE PERSONA
Nombre de persona Alfonso, Clara Leyla
Término indicativo de función/relación ed.
9 (RLIN) 44206
Holdings
Estado de retiro Estado de pérdida Restricciones de uso No para préstamo Código de colección Localización permanente Ubicación/localización actual Ubicación en estantería Fecha de adquisición Número de inventario Total de préstamos Signatura topográfica completa Código de barras Fecha visto por última vez Precio válido a partir de Tipo de ítem Koha Número de copia
        Patrimonio Dominicano Patrimonio Dominicano Patrimonio Dominicano En catalogación 01.04.2011 LF1   xxx C581d 27624-10 25.06.2020 25.06.2020 Libro y Folleto Colección Patrimonio Dominicano  
      Préstamo restrigido Patrimonio Dominicano Patrimonio Dominicano Patrimonio Dominicano En catalogación 01.04.2011 LF1   xxx C581d 27624-20 25.06.2020 25.06.2020 Libro y Folleto Colección Patrimonio Dominicano e. 2

Powered by Koha